| 000 | 00490nam a2200205Ia 4500 | ||
|---|---|---|---|
| 003 | OSt | ||
| 005 | 20221005120232.0 | ||
| 006 | a|||||r|||| 00| 0 | ||
| 007 | ta | ||
| 008 | 221004b |||||||| |||| 00| 0 eng d | ||
| 024 | _a116484 | ||
| 037 | _cTextual | ||
| 040 |
_aCRL _cCRL _beng |
||
| 041 |
_2eng _aeng |
||
| 100 | _aPrasad Jai shankar | ||
| 245 | 0 | _aDhurv swamini | |
| 650 |
_aHINDI LITERATURE _923866 |
||
| 942 |
_cTEXL _2cc |
||
| 999 |
_c1037315 _d1037315 |
||